MDQL
is popping MORE tags! Check the
thread
!
Quizzes
Events
Quiz Creation
Community
Videos
Private Events
Remove Ads
Sign In
Join for FREE
Feedback
Dark Mode
Quiz Categories
Sports
Geography
Music
Movies
Television
Just For Fun
Miscellaneous
History
Literature
Language
Science
Gaming
Entertainment
Religion
Holiday
For Kids
Quiz Lab
Recent
Popular Today
Quiz Kudos Today
Editor Picks
Curator Picks
Quizzes by...
Day
Popularity
Type
Ratings
Length
Year
Community
Subscriptions
Recent Discussions
Orange Saloon
Badges
Playlists
Quests
Create
Leaderboards
Showdown
Live 5
Trivia Bingo
Activity
Puzzle Library
Sporcle Events
Private Events
Virtual Trivia
Globe League
Become a Host
Pub Owners
SporcleCon
Opinionation
Our Games
Videos
Blog
Mobile Apps
Partnerships
Remove Ads and Go Orange
Feedback
Sports
Athletes
MLB
NBA
NHL
NFL
Soccer
Sports Teams
WWE
NCAA
Football
Premier League
Basketball
Baseball
Hockey
Golf
Tennis
Cricket
Rugby
Auto Racing
Olympics
World Cup
Sports
Athletes
MLB
NBA
NHL
NFL
Soccer
Sports Teams
WWE
NCAA
Football
Premier League
Basketball
Baseball
Hockey
Golf
Tennis
Cricket
Rugby
Auto Racing
Olympics
World Cup
Random Quiz
Search Sporcle
×
Quiz Lab
Quiz Lab
Sports
NCAA
Type in answers that appear in a list
Type in answers that appear in a list
Classic
Best Score? Go Orange.
Top 5 College Football Recruiting Classes 2000-2009 Stats
Can you name the Top 5 College Football Recruiting Classes 2000-2009?
By
FootballGuy42
5m
50 Questions
96 Plays
96 Plays
96 Plays
Comments
Comments
Give Quiz Kudos
Give Quiz Kudos
-
- Ratings
hide this ad
More Info
Forced Order
Answers have to be entered in order
Answers have to be entered in order
Replay
Link that replays current quiz
Next Quiz
Link to next quiz in quiz playlist
You Got
0%
They Got
Avg Score
81%
Avg Friend Score
Upgrade to see
Score Distribution
Jump to the score distribution portion of the page
Score
0/50
Timer
05:00
0
Plays Today
Year
Team
% Correct
2000
Florida Gators
93.8%
2000
Florida State Seminoles
93.8%
2000
Tennessee Volunteers
91.7%
2000
Alabama Crimson Tide
89.6%
2001
Michigan Wolverines
89.6%
2003
USC Trojans
89.6%
2004
USC Trojans
89.6%
2005
USC Trojans
89.6%
2001
Oklahoma Sooners
87.5%
2002
Texas Longhorns
87.5%
2000
Penn State Nittany Lions
86.5%
2002
Ohio State Buckeyes
86.5%
2001
Florida State Seminoles
85.4%
2003
Michigan Wolverines
85.4%
2006
USC Trojans
85.4%
2001
LSU Tigers
84.4%
2002
Florida State Seminoles
84.4%
2004
Florida State Seminoles
84.4%
2004
LSU Tigers
84.4%
2003
LSU Tigers
83.3%
2005
Florida State Seminoles
83.3%
2005
Oklahoma Sooners
83.3%
2001
Tennessee Volunteers
82.3%
2002
Tennessee Volunteers
82.3%
2003
Florida Gators
82.3%
Year
Team
% Correct
2005
Michigan Wolverines
82.3%
2004
Florida Gators
81.3%
2007
USC Trojans
81.3%
2006
Notre Dame Fighting Irish
80.2%
2004
Miami Hurricanes
79.2%
2006
Florida Gators
79.2%
2008
Notre Dame Fighting Irish
79.2%
2009
USC Trojans
79.2%
2009
Alabama Crimson Tide
79.2%
2006
Florida State Seminoles
78.1%
2007
Texas Longhorns
78.1%
2008
USC Trojans
78.1%
2007
Florida Gators
77.1%
2008
Alabama Crimson Tide
77.1%
2005
Tennessee Volunteers
76%
2006
Georgia Bulldogs
75%
2007
LSU Tigers
75%
2009
LSU Tigers
75%
2007
Tennessee Volunteers
74%
2008
Miami Hurricanes
74%
2009
Ohio State Buckeyes
74%
2008
Florida Gators
72.9%
2009
Georgia Bulldogs
72.9%
2002
Miami Hurricanes
70.8%
2003
Miami Hurricanes
70.8%
Quiz Playlist
Details
Report
Send in Message
Add To Playlist
More Info:
Classes are base on 24/7 sports rankings *In 2004 Miami changed from the BIG EAST to the ACC
Classic:
Type in answers that appear in a list
Forced Order:
Answers have to be entered in order
Last Updated: May 19, 2021
Quiz Scoreboard
CHALLENGE
Sign Up to Join the Scoreboard
Show All
Scores
Hide
Comments
May contain spoilers
Recently Published
1-10 Letter E Words III
by El_Dandy
Language
2m
Street Fighter Characters
by Artimus82
Gaming
60s
College Basketball Coaching Resumes
by pancakes188
Sports
9m
More to Explore
Quiz From the Vault
Featured Blog Post
Where Did the Easter Bunny Come From?
hide this ad
You Might Also Like...
Tags
Football Quiz
NCAA Quiz
College Football
Football Recruits
NCAA Football
SEC Football
Top Recruits
Today's Top Quizzes in Sports
Browse Sports
hide this ad
Today's Top Quizzes in NCAA
Browse NCAA
Top Contributed Quizzes in Sports
1
2022 World Cup Stars
2
Les meilleurs buteurs des matchs entre le PSG et l’OM
3
FIFA Club World Cup Champions
4
Les entraîneurs de l'OM et du PSG au 21e siècle
5
Criteria MLB: Left Handed Sluggers
6
2023 MLB Unique Player Accomplishments
7
AFC Teams Reveal (Wrong Answers Minefield)
8
Players with Multiple 50 Home Run Seasons
9
5-to-1: FBS Animal Nicknames
10
5-to-1: UK Sports Teams
Explore More
Trending Topics
Marvel
Harry Potter
Crossword
Kpop
Disney
Anime
NBA
Country
WWE
Song
The Office
Pokémon
Soccer
Puzzle
NFL
hide this ad
More By:
FootballGuy42
Quiz
Plays
Rating
Category
Featured
Created
NFL All Pro Teams 2010s
2,695
5.00
Sports
Jul 12, 2021
NFL Award Winners of the 2010s
995
5.00
Sports
May 26, 2021
NFL All Pro Teams 2000s
614
5.00
Sports
Jul 12, 2021
Biletnikoff Award Winners
429
5.00
Sports
Dec 10, 2021
Top 5 College Football Recruiting Classes 2010-2019
367
4.50
Sports
Jul 11, 2019
Go to Creator's Profile
Score Distribution
Quiz Creator Spotlight
FootballGuy42
Follow
Send a Message
Quizzes Created
-
Created Quiz Play Count
-
More By This Creator
Popular Quizzes Today
1
Find the US States - No Outlines Minefield
2
Find the Countries of Europe - No Outlines Minefield
3
The Countries of the World
4
Find the US States
5
Risky Map Clicking: Biggest States A-Z
6
US States
7
Popular People in 1961
8
Movies - When Are They Set?
More Sports Quizzes
Stephanie McMahon WWE PPV Opponents
Quiz Lab
Trending Quizzes
Risky Map Clicking: Least Populous States A-Z
Billboard Blitz: Aretha Franklin
Famous Russians: Author or Composer?
1-10 Letter G Words
Countries of the World: 200 Million BC
Recently Updated
Leaping Animals
pecheneg
Reality TV Shows (A-Z)
bhenderson79
Rickey Henderson's Hall of Fame Teammates
pecheneg
Champions League XIs: Arsenal
pecheneg
Quick Pick: Celebrities in WWE's Hall of Fame
aduchscher
A-Z Keypad Blitz II
pecheneg
Multiple Oscar Actors
pecheneg
Mystery Phrase Blitz: Oscar 'Best Actors'
pecheneg
F. Scott Fitzgerald Novels
LTH
Pick 3 Villains
ddd62291
Trending Topics
Marvel
Disney
Anime
Kpop
Crossword
Harry Potter
NBA
Puzzle
Song
The Office
Soccer
NFL
Country
Pokémon
WWE
Your Account Isn't Verified!
In order to create a playlist on Sporcle, you need to verify the email address you used during registration. Go to your
Sporcle Settings
to finish the process.
Report this User
Report this user for behavior that violates our
Community Guidelines
.
Details:
Send Report
Go to the Sporcle.com Mobile Site →
Comments